| 000 | 00948cab a22002175a 4500 | ||
|---|---|---|---|
| 001 | L145745 | ||
| 008 | 080206e20081101xxk f 000 0 eng d | ||
| 035 | _a(Sirsi) u145745 | ||
| 041 | 0 | _aeng | |
| 100 | 1 | _aKivlehan, Noella Pio | |
| 245 | 0 | 0 |
_aEG _bIndustrial |
| 260 | _c2008 | ||
| 490 |
_aEstates Gazette _v(0843) 1 November 2008, 97-121(8) |
||
| 520 | _aReports on trends and major projects in industrial property. Reports on the EG European Industrial and Distribution Summit, with the current economic downturn dominating the agenda; discusses how falling car sales are leading to greater manufacturing efficiency and new opportunities for property and looks at the relative strength of the shed sector along the M27, where agents are confident of long term stability. | ||
| 590 | _aKA | ||
| 651 | 4 |
_aUnited Kingdom _y |
|
| 690 | _aPROPERTY-INDUSTRIAL PROPERTY | ||
| 700 | 1 | _aNorman, Paul | |
| 700 | 1 | _aCunningham, Daniel | |
| 942 | _n0 | ||
| 999 |
_c80928 _d80928 |
||